| 000 | 01008nam a2200289 i 4500 | ||
|---|---|---|---|
| 001 | 106015 | ||
| 003 | ES-MaACL | ||
| 005 | 20250512063030.0 | ||
| 007 | t| | ||
| 008 | 060920s1970 fr ||||1| fre d | ||
| 080 | _a329(470) | ||
| 080 | _a327.32(470)"18/19" | ||
| 080 | _a141.82 | ||
| 100 | 1 |
_aTrotsky, Leon, _d1879-1940 _9240350 |
|
| 245 | 1 | 0 |
_aRapport de la délégation sibérienne _b: Trotsky contre Lénine / _cLéon Trotsky ; préface, traduction et notes de Denis Authier. |
| 260 |
_aParis : _bRené Lefeuvre, _c[1970] |
||
| 300 |
_a96 p. ; _c19 cm. |
||
| 490 | 1 |
_aSpartacus. 2e. série ; _v31 |
|
| 500 | _aBiblioteca Juan Andrade. | ||
| 610 | 2 | 7 |
_aKommunisticheskaia partiia Sovetskogo Soiuza- _vCongresos y asambleas. _95440 |
| 650 |
_aMovimiento obrero- _zRusia. _915219 |
||
| 650 | 1 | 4 |
_aMarxismo-leninismo. _914808 |
| 700 | 1 |
_aAuthier, Denis. _923975 |
|
| 830 | 0 |
_aSpartacus. 2e. série ; _v31 _9185113 |
|
| 852 |
_aES-MaACL _jAND-759 _bR.110055 |
||
| 999 |
_c106015 _d106015 |
||